social psycology,Individual groups etc (Record no. 1079810)

MARC details
000 -LEADER
fixed length control field 00362nam a2200133Ia 4500
008 - FIXED-LENGTH DATA ELEMENTS--GENERAL INFORMATION
fixed length control field 231228s1986 xx 000 0 und d
041 ## - LANGUAGE CODE
Language code of text/sound track or separate title eng
082 ## - DEWEY DECIMAL CLASSIFICATION NUMBER
Classification number 301.1
Item number mc
100 ## - MAIN ENTRY--PERSONAL NAME
Personal name mc DAVIDd (john w) / HARARI (Herbert) harari(herbe
245 ## - TITLE STATEMENT
Title social psycology,Individual groups etc
250 ## - EDITION STATEMENT
Edition statement 1st
260 ## - PUBLICATION, DISTRIBUTION, ETC.
Place of publication, distribution, etc. New Delhi
Name of publisher, distributor, etc. C.B.S F
Date of publication, distribution, etc. 1986
300 ## - PHYSICAL DESCRIPTION
Extent 479

No items available.